|
|
|
|
| LEADER |
00000nam a2200000 a 4500 |
| 001 |
UCX5797 |
| 003 |
CL-VaPUC |
| 008 |
930119e19780000US |||||||||||||||||eng|d |
| 082 |
0 |
4 |
|a 532
|b ROU
|2 21
|
| 100 |
0 |
|
|a Rouse, Hunter
|e author
|9 322169
|
| 245 |
1 |
0 |
|a Elementary mechanics of fluids
|
| 300 |
|
|
|a 376 p
|
| 942 |
|
|
|c BK
|
| 945 |
|
|
|d 19930119 00:00:00
|
| 260 |
|
|
|a Nueva York
|b Dover
|c 1978
|
| 650 |
|
0 |
|a Mecánica de fluidos
|9 259464
|
| 583 |
|
|
|a last modification
|c 19930119 00:00:00
|k Rodrigo Vera
|
| 999 |
|
|
|c 225970
|d 225968
|
| 952 |
|
|
|0 0
|1 0
|4 0
|6 532_000000000000000_ROU_1978
|7 0
|8 A
|9 223955
|a BIBCUR
|b BIBCUR
|d 2019-11-15
|i 317753K
|o 532 ROU 1978
|p 317753K
|r 2025-04-22
|w 2019-11-15
|y BK
|k FIS
|